000 00340nam a22001217a 4500
040 _cNust
082 _a297
100 _aDr. Abdul Ghani Farooq
_9127271
245 _a ہم کیوں مسلمان ہوئے
260 _aLahore {
_bMaktaba Tameer -e- insaniat,
650 _a ہم کیوں مسلمان ہوئے
_9127272
942 _2ddc
_cBK
999 _c612463
_d612463